000
00303nam a2200121Ia 4500
008
220204s9999 xx 000 0 und d
082
_a
5(031)
_b
DUN.2
245
0
_a
Encyclopedia of ignorance. V 2
260
_a
New York
_b
Pergamon
_c
1977
700
_a
Duncan, R
700
_a
Westonsmith, M
942
_c
BK
999
_c
29015
_d
29015